000 00272nam a22001097a 4500
008 170124b xxu||||| |||| 00| 0 eng d
020 _a9780803619180
041 _aeng
080 _26TH
_a618.2
245 _aPSYCHIATRIC MENTAL HEALTH NURSING
_cTOWNSEND, M.C
942 _2udc
_cBK
999 _c3472
_d3472